000
00326nam a2200133Ia 4500
005
20251222155148.0
008
251222s9999||||xx |||||||||||||| ||spa||
082
_a
LEN.67.1-2
100
_a
Academia Española.
245
0
_a
Ortografía de la lengua española
250
_a
1ra. ed.
264
_b
Espasa Calpe
942
_c
LIB
999
_c
39445
_d
39445